| 000 | 00603nam a2200229Ia 4500 | ||
|---|---|---|---|
| 003 | OSt | ||
| 005 | 20230619163207.0 | ||
| 008 | 210423s2011 xx 000 0 und d | ||
| 020 | _a978-0-19-945041-2 | ||
| 040 | _cAL | ||
| 041 | _aeng | ||
| 082 | _a305.4 DEBS | ||
| 100 |
_aDE BEAUVOIR (Simone) _9105239 |
||
| 245 |
_aSecond sex _cBorde (Constance);MALOVANY-CHEVALLIER (Sheila) Tr |
||
| 260 |
_aNew Delhi _bVintage Books _c2011 |
||
| 300 |
_axxv,822 _bPB |
||
| 365 |
_b899 _cINR |
||
| 650 |
_aSociology _9105240 |
||
| 650 |
_aWomen Studies _9105241 |
||
| 906 | _aSecond ; sex | ||
| 942 |
_2ddc _cBK |
||
| 999 |
_c166341 _d166341 |
||